00928nam a2200253Ia 4500003000400000005001700004008004100021020001800062040000700080041000800087082001500095100002300110245007500133260003900208300001400247365001200261650003000273650002200303700002200325906008800347942001200435999001900447952020800466OSt20260227103349.0210719s2021 xx 000 0 und d a9789389292077 cAL aeng a338.9 TANE aTaneja M L9257039 aEconomics of development and planning: with special reference to India aDelhibVishal Publishing Co.c2021 a286+6bPB b595cRs aEconomic Planning9257040 aEconomics9257041 aMyer, R M9257042 adevelopment ; Economics ; India ; planning ; planning: ; reference ; special ; with 2ddccBK c212035d212035 00102ddc40708COMaALbALd2021-03-15eSapna Book House Pvt Ltd, K S Rao Road, Mangalore-575001 | General Annualg595.00l2o338.9 TANEp074849r2023-10-13 00:00:00s2023-10-07v476.00w2021-07-19yBK